Get the Picture: Blue Fictional Characters Quiz Stats

 Plays Quiz Updated Jul 12, 2019

Score 0/16 Timer 03:00
15 Plays Today
Question Answer Wrong Answers
Can grant wishes? Genie
95.5%
Dory
0.3%
Neytiri
0.2%
Papa Smurf
0.5%
Lives in a mushroom? Papa Smurf
93.4%
Dory
1.1%
Genie
0.5%
Neytiri
1.5%
Is voiced by Ellen DeGeneres? Dory
93.1%
Genie
0.6%
Neytiri
2.3%
Papa Smurf
0.6%
Is voiced by Robin Williams? Genie
92.7%
Dory
1.1%
Neytiri
0.2%
Papa Smurf
2.5%
Is played by Zoe Saldana? Neytiri
92.2%
Dory
2.4%
Genie
0.8%
Papa Smurf
1.1%
Lives on Pandora? Neytiri
92.2%
Dory
1%
Genie
2%
Papa Smurf
1.4%
Is a Na'vi? Neytiri
91.5%
Dory
1.3%
Genie
2%
Papa Smurf
1.6%
Is a Pixar character? Dory
90.7%
Genie
2.6%
Neytiri
1.5%
Papa Smurf
1.8%
Has short-term memory loss? Dory
90.5%
Genie
1.5%
Neytiri
1.2%
Papa Smurf
3.4%
Is romantically linked to Jake Sully? Neytiri
88.6%
Dory
4.3%
Genie
1.2%
Papa Smurf
2.4%
Can shapeshift? Genie
83.6%
Dory
0.9%
Neytiri
11.1%
Papa Smurf
0.9%
Sings 'Friend Like Me'? Genie
81.9%
Dory
11.7%
Neytiri
0.4%
Papa Smurf
2.5%
First appeared in comics? Papa Smurf
78.5%
Dory
0.8%
Genie
8.5%
Neytiri
8.8%
Is a blue tang? Dory
78.3%
Genie
5.3%
Neytiri
7.4%
Papa Smurf
5.7%
Was first created by Peyo? Papa Smurf
68.7%
Dory
3.8%
Genie
6.5%
Neytiri
17.5%
Practices alchemy? Papa Smurf
60.3%
Dory
0.8%
Genie
22.6%
Neytiri
13%

Today's Daily Dose

Word Ladder
Lean on Me

Get the Picture
Superhero by Villain

You're not logged in!

Compare scores with friends on all Sporcle quizzes.
OR
Log In

Sporcle TV

Today on Sporcle TV


Watch our educational content, quiz creation guides, and fun videos on Sporcle TV.

Show Comments

Extras

Top Quizzes Today


Score Distribution

Your Account Isn't Verified!

In order to create a playlist on Sporcle, you need to verify the email address you used during registration. Go to your Sporcle Settings to finish the process.

Report this User

Report this user for behavior that violates our Community Guidelines.

Details: